000 00384nam a22001217a 4500
082 _a220 PRO
100 _aABDULLAH,SAJID,AHMED
_972200
245 _aPR-SOF-1139-MECHANICAL CHARACTERIZATION AND DIELECTRIC PROPERTIES OF POLYMER BASED FOAMY MATE
260 _aISLAMABAD
_bNUST COLLEGE OF EME
_c2012
650 _a DE-MECH-30
_972201
700 _aDR MUHAMMAD SHAHID
_916160
942 _cCR
999 _c578343
_d578343